000
00231 a2200109 4500
003
Nust
005
20170207154224.0
040
_c
Nust
082
_a
371.33
245
_a
The Avengers (VHS-208)
440
_a
The Avengers (VHS-208)
538
_a
Duration Mins 98.
999
_c
195491
_d
195491